El camino del corazón : soledad, silencio, oración /

Kaydedildi:
Detaylı Bibliyografya
Yazar: Nouwen, Henri J.M (autor)
Materyal Türü: Kitap
Dil:İspanyolca
Baskı/Yayın Bilgisi: Madrid, España : Narcea, 1986
Etiketler: Etiketle
Etiket eklenmemiş, İlk siz ekleyin!

MARC

LEADER 00000nam^a2200000^a^4500
001 000623477
005 20251030000000.0
009 20260310133938.451
020 |a 84-277-0730-4 
037 |a Acervo Xavier Clavigero 
041 |a ESP 
091 |a FHG. 00448 
100 |a Nouwen, Henri J.M.  |e (autor) 
245 1 3 |a El camino del corazón :  |b soledad, silencio, oración / 
264 1 |a Madrid, España :  |b Narcea,  |c 1986 
300 |a 89 p. 
336 |a texto  |b txt  |2 rdacontenido 
337 |a sin mediación  |b n  |2 rdamedio 
338 |a volumen  |b nc  |2 rdasoporte 
649 |a XX 
910 |a Fondo Humberto García Bedoy S.J. 
920 |a Impresos - Libros 
930 |a Fondos Especiales 
905 |a 148 
901 |a 623477-10  |b IT2  |c ESP  |i D  |u 20251030 
902 |a https://opac.biblio.iteso.mx/vufind/Record/000623477